00540nam a2200181 a 45000010010000000030011000100080041000210350026000620820017000881000023001052450033001282600040001616500020002019420012002219520090002339980020003239990015003430000-9285ELIB.Books110520 1951  a(ELIB.Books)0000-9437 a262.15 bSpe aSpeers, Wallace C. aWhat on earth are you doing? bNew York: Harper and Brother c1951 aSocial Theology 2ddccBK 00102ddc4070aKBTSbKBTSd2011-05-20l0p6657r2022-01-22 00:00:00w2022-01-22yBK cbate2011-05-20 c9285d9285